000 00632cam a22002291a 4500
001 f 01002693
003 DLC
005 20260227111244.0
008 870427q18801889fr c 000 0 fre
010 _af 01002693
035 _a(OCoLC)15600952
040 _aDLC
_cScU
_dDLC
042 _apremarc
050 0 0 _aPQ2450.T2
_bA17 1896
100 1 _aTheuriet, André,
_d1833-1907.
245 1 0 _aPoésies, 1860-1874.
260 _aParis :
_bA. Lemerre
_c[188-?]
300 _a252 p. :
_bport. ;
_c17 cm.
490 0 _aOeuvres de André Theuriet
500 _a1st ed., 1879.
505 0 _aLe chemin des bois -- Le bleu et le noir.
999 _c22905
_d22905